Most Points For Each Day Of The 2025-26 NBA Regular Season - Statistics

General Stats
  • This quiz has been taken 87 times
    11 since last reset
  • The average score is 46 of 65
Answer Stats
Team Player Days Led % Correct
Minnesota Timberwolves Anthony Edwards 12
100%
Detroit Pistons Cade Cunningham 3
100%
Dallas Mavericks Cooper Flagg 5
100%
Phoenix Suns Devin Booker 3
100%
Cleveland Cavaliers Donovan Mitchell 8
100%
Milwaukee Bucks Giannis Antetokounmpo 3
100%
New York Knicks Jalen Brunson 3
100%
Detroit Pistons Jalen Duren 1
100%
Denver Nuggets Jamal Murray 7
100%
Los Angeles Clippers James Harden 3
100%
Boston Celtics Jaylen Brown 5
100%
Oklahoma City Thunder Jaylin Williams 1
100%
Los Angeles Clippers Kawhi Leonard 5
100%
Los Angeles Lakers Luka Dončić 17
100%
Denver Nuggets Nikola Jokić 8
100%
Oklahoma City Thunder Shai Gilgeous-Alexander 12
100%
Golden State Warriors Stephen Curry 3
100%
Philadelphia 76ers Tyrese Maxey 8
100%
San Antonio Spurs Victor Wembanyama 3
100%
Los Angeles Lakers Austin Reaves 4
89%
Philadelphia 76ers Joel Embiid 3
89%
New York Knicks Karl-Anthony Towns 1
89%
Houston Rockets Kevin Durant 3
89%
Utah Jazz Lauri Markkanen 5
89%
Orlando Magic Paolo Banchero 2
89%
Houston Rockets Alperen Şengün 2
78%
Dallas Mavericks Anthony Davis 1
78%
Portland Trail Blazers Deni Avdija 1
78%
Boston Celtics Derrick White 1
78%
Orlando Magic Desmond Bane 2
78%
Memphis Grizzlies Ja Morant 1
78%
Minnesota Timberwolves Julius Randle 4
78%
Utah Jazz Keyonte George 1
78%
Brooklyn Nets Michael Porter Jr. 1
78%
New Orleans Pelicans Zion Williamson 1
78%
Miami Heat Bam Adebayo 1
67%
Washington Wizards, Atlanta Hawks CJ McCollum 2
67%
Phoenix Suns Jalen Green 2
67%
Atlanta Hawks Jalen Johnson 1
67%
Charlotte Hornets LaMelo Ball 1
67%
Atlanta Hawks Nickeil Alexander-Walker 2
67%
New York Knicks OG Anunoby 1
67%
New Orleans Pelicans Trey Murphy III 4
67%
Indiana Pacers Andrew Nembhard 1
56%
Toronto Raptors Brandon Ingram 1
56%
Oklahoma City Thunder Chet Holmgren 1
56%
Cleveland Cavaliers, Los Angeles Clippers Darius Garland 2
56%
Sacramento Kings DeMar DeRozan 2
56%
Cleveland Cavaliers Jarrett Allen 1
56%
Portland Trail Blazers Jrue Holiday 2
56%
Milwaukee Bucks Ryan Rollins 1
56%
San Antonio Spurs Stephon Castle 1
56%
Sacramento Kings Zach LaVine 1
56%
Houston Rockets Amen Thompson 1
44%
New Orleans Pelicans Jeremiah Fears 2
44%
Orlando Magic Anthony Black 1
33%
Houston Rockets Jabari Smith Jr. 2
33%
Portland Trail Blazers Jerami Grant 1
33%
Detroit Pistons Saddiq Bey 1
33%
Boston Celtics Anfernee Simons 1
22%
San Antonio Spurs Julian Champagnie 1
22%
Sacramento Kings Malik Monk 1
22%
Utah Jazz Brice Sensabaugh 2
11%
Cleveland Cavaliers Jaylon Tyson 1
11%
Milwaukee Bucks Gary Trent Jr. 1
0%
No matching quizzes found
Score Distribution
Percent of People with Each Score
Percentile by Number Answered
Your Score History
You have not taken this quiz since the last reset